Guia per a la mediació intercultural amb població gitana / [direcció: Carme Garriga] Carme Garriga]
ISBN:
978-84-9803-224-6
Descripción Física:
51 p. ; 29 cm
Colección:
Documents de treball. Benestar Social ; 1
Otros Autores:
Garriga, Carme
MARC
| LEADER | 00000nam a2200000Ia 4500 | ||
|---|---|---|---|
| 001 | 19618 | ||
| 008 | 160829s2007 xx 000 0 cat d | ||
| 020 | |a 978-84-9803-224-6 | ||
| 080 | |a S-1-144 | ||
| 245 | |a Guia per a la mediació intercultural amb població gitana / [direcció: |b Carme Garriga] | ||
| 260 | |a Barcelona : |b Diputació de Barcelona. Àrea de Benestar Social, |c 2007 | ||
| 300 | |a 51 p. ; |c 29 cm | ||
| 490 | |a Documents de treball. Benestar Social ; 1 | ||
| 590 | |a Vegeu també: R. 21116 | ||
| 650 | 0 | |a Mediació |9 32701 | |
| 650 | |a Gitanos |9 41271 | ||
| 700 | |a Garriga, Carme |9 57766 | ||
| 710 | 1 | |a Barcelona (Catalunya : Província). |b Àrea de Benestar Social |9 52988 | |
| 901 | |a Arxiu | ||
| 942 | |n 1 | ||
| 952 | |0 0 |1 0 |4 0 |6 S1144 |7 1 |9 50120 |a Arxiu |b Arxiu |d 2016-12-01 |l 0 |o S-1-144 |p 19618 |r 2016-12-01 00:00:00 |w 2016-12-01 |y ARXIU | ||
| 999 | |c 53962 |d 53962 | ||